ARRUPE JESUIT UNIVERSITY

CORONAVIRUS -STOP THE SPREAD - CLEAN,DISINFECT,COVER

This good news; (Record no. 131177)

MARC details
000 -LEADER
fixed length control field 00767cam a22002531 4500
001 - CONTROL NUMBER
control field 10326649
003 - CONTROL NUMBER IDENTIFIER
control field ARRUPE
005 - DATE AND TIME OF LATEST TRANSACTION
control field 20220330103045.0
008 - FIXED-LENGTH DATA ELEMENTS--GENERAL INFORMATION
fixed length control field 720817s1964 wiu 000 0 eng
010 ## - LIBRARY OF CONGRESS CONTROL NUMBER
LC control number 64015782
035 ## - SYSTEM CONTROL NUMBER
System control number (OCoLC)384478
040 ## - CATALOGING SOURCE
Original cataloging agency DLC
Transcribing agency ONowdM
Modifying agency MnDuStS
-- DLC
042 ## - AUTHENTICATION CODE
Authentication code premarc
050 00 - LIBRARY OF CONGRESS CALL NUMBER
Classification number BS2397
Item number .Q4
082 #0 - DEWEY DECIMAL CLASSIFICATION NUMBER
Classification number 225
300 ## - PHYSICAL DESCRIPTION
Dimensions 22 cm.
100 1# - MAIN ENTRY--PERSONAL NAME
Personal name Quesnell, Quentin.
9 (RLIN) 51090
245 10 - TITLE STATEMENT
Title This good news;
Remainder of title an introduction to the Catholic theology of the New Testament.
Statement of responsibility, etc Quentin Quesnell
260 ## - PUBLICATION, DISTRIBUTION, ETC. (IMPRINT)
Place of publication, distribution, etc Milwaukee,
Name of publisher, distributor, etc Bruce Pub. Co.
Date of publication, distribution, etc [1964]
300 ## - PHYSICAL DESCRIPTION
Extent xiv, 224 p.
490 0# - SERIES STATEMENT
Series statement Impact books
630 00 - SUBJECT ADDED ENTRY--UNIFORM TITLE
Uniform title Bible.
Name of part/section of a work New Testament
General subdivision Theology.
9 (RLIN) 7188
906 ## - LOCAL DATA ELEMENT F, LDF (RLIN)
a 7
b cbc
c oclcrpl
d u
e ncip
f 19
g y-gencatlg
942 ## - ADDED ENTRY ELEMENTS (KOHA)
Source of classification or shelving scheme Library of Congress Classification
Koha item type Monograph ( Printed materials)
Holdings
Withdrawn status Lost status Source of classification or shelving scheme Damaged status Not for loan Collection code Home library Current library Shelving location Date acquired Total Checkouts Full call number Barcode Date last seen Price effective from Koha item type
    Library of Congress Classification     Main Collection ARRUPE LIBRARY ARRUPE LIBRARY Main Collection 30/03/2022   BS2397 .Q4 46600008237 30/03/2022 30/03/2022 Monograph ( Printed materials)

 

Arrupe Library. PO Box MP320 Mt Pleasant, Harare, Zimbabwe
263 242 745411|librarian@aju.ac.zw